Flexibilizar el marco geográfico administrativo /
Guardado en:
| Autor principal: | |
|---|---|
| Otros Autores: | |
| Formato: | Texto |
| Materias: | |
| Etiquetas: |
Agregar Etiqueta
Sin Etiquetas, Sea el primero en etiquetar este registro!
|
MARC
| LEADER | 00000 a a2200000 04500 | ||
|---|---|---|---|
| 001 | 16154 | ||
| 003 | |||
| 040 | |||
| 100 | |a Izaguirre, Ramón F. | ||
| 245 | |a Flexibilizar el marco geográfico administrativo / |c Ramón F. Izaguirre | ||
| 650 | |a PLANIFICACION REGIONAL | ||
| 650 | |a POLITICA GUBERNAMENTAL | ||
| 650 | |a GEOGRAFIA | ||
| 650 | |a RIOS | ||
| 700 | |a Godichet, Oliver T. | ||
| 773 | |g número 52; páginas 309-342 | ||
| 999 | |c 29426 |d 29426 | ||
